Động từ nhóm thực dụng Vol 1
Trình bày cách dùng 100 động từ nhóm thường xuyên và hữu dụng; đưa ra các ví dụ minh họa; mỗi một động từ đều đưa ra cách dùng, bài tập củng cố và nâng cao mở rộng vốn từ
Đã lưu trong:
| Tác giả chính: | |
|---|---|
| Định dạng: | Sách |
| Năm xuất bản: |
Đồng Nai
Nxb Đồng Nai
2003
|
| Chủ đề: | |
| Tags: |
Thêm thẻ
Không có thẻ, Hãy là người đầu tiên gắn thẻ bản ghi này!
|
| LEADER | 01011nam a2200193 4500 | ||
|---|---|---|---|
| 082 | |a 428.1 |b PH104T | ||
| 100 | |a PHẠM TẤN QUYỀN | ||
| 242 | |a Phrasal verbs in use | ||
| 245 | |a Động từ nhóm thực dụng |c PHẠM TẤN QUYỀN bs |n Vol 1 | ||
| 260 | |a Đồng Nai |b Nxb Đồng Nai |c 2003 | ||
| 300 | |a 263 tr. |c 27cm | ||
| 520 | |a Trình bày cách dùng 100 động từ nhóm thường xuyên và hữu dụng; đưa ra các ví dụ minh họa; mỗi một động từ đều đưa ra cách dùng, bài tập củng cố và nâng cao mở rộng vốn từ | ||
| 653 | |a Ngôn ngữ | ||
| 653 | |a Tiếng Anh | ||
| 653 | |a Động từ | ||
| 942 | |2 ddc |c STK0 | ||
| 999 | |c 2239 |d 2239 | ||
| 952 | |0 0 |1 0 |2 ddc |4 0 |6 428_100000000000000_PH104T |7 1 |8 400 |9 30645 |a qbu |b qbu |c D4 |d 2014-12-13 |g 50000 |o 428.1 PH104T |p 2391.C1 |r 0000-00-00 |w 2014-12-13 |y STK0 | ||
| 952 | |0 0 |1 0 |2 ddc |4 0 |6 428_100000000000000_PH104T |7 0 |8 400 |9 30646 |a qbu |b qbu |c D4 |d 2014-12-13 |g 50000 |l 7 |m 6 |o 428.1 PH104T |p 2391.C2 |r 2018-04-18 |s 2018-04-09 |w 2014-12-13 |y STK0 | ||